01579nam a2200253 a 4500090002100000041000800021110003700029245018700066260005300253300001000306505001900316505002000335505005600355505009700411520051400508650002601022650002501048650002501073650004601098650001401144662004001158773011201198999001501310 aIAVHb00765 CD-1 aspa bCorporación Serraniagua992517 aEstablecimiento y evaluación de herramientas de manejo del paisaje desde la reconversión productiva de paisajes andinos - paisaje rural cafetero del municipio de El Cairo (Valle) aBogotábInstituto Alexander von Humboldtc2005 a p. aIntroducción aArea de estudio aConcertación de herramientas con los propietarios aPlanes de manejo: metodología, Reserva Natural la Argentina, Reserva Natural Buena Vista,  aPor medio de la implementación de herramientas de manejo del paisaje en esta zona, se incrementa el área de conservación y la articulación entre remanentes de vegetación natural mediante el enriquecimuiento de los sistemas productivos con especies forestales nativas que sirven de alimento y hábitat a la fauna y contribuyendo a la estrategia regional de conectividad en el corredor biológico Serranía de los Paraguas-Parque Nacional Natural Tatamá liderado por la Corporación Sarraniagua. aConservación992401 aBiodiversidad992204 aPaisaje rural992518 aHerramientas de manejo del paisaje992489 aHMP92851 aColombiadEl CairobValle del Cauca0 0598699704abdBogotá Informatica documental 2007o024802tInformes de investigaciones IAVH en PDFwxz c6026d6026